000 00562nam a2200193Ia 4500
005 20260114185834.0
008 008 260114s9999 xx 000 0 eng d
020 _a9780857854117
037 _aEBOOK
040 _aCRL
_beng
_cCRL
041 _aeng
_2eng
084 _qCRL
100 _aChristopher Breward and David Gilbert
_9875035
245 0 _aFashion's World Cities
260 _bBloomsbury
_c2011
856 _uhttps://doi.org/10.5040/9780857854117?locatt=label:secondary_bloomsburyCollections
942 _cEBOOK
999 _c1473969
_d1473969